[Event "Speed Chess (Women) Play In 1"]
[Site "Chess.com INT"]
[Date "2024.08.12"]
[Round "7"]
[White "Sherali, Pattnaik"]
[Black "Khalafova, Narmin Ilgar Qizi"]
[Result "0-1"]
[WhiteElo "2029"]
[BlackElo "2278"]
[PlyCount "72"]
[EventDate "2024.08.12"]
[EventType "swiss (blitz)"]
[EventRounds "11"]
[EventCountry "USA"]
[SourceTitle "CBM 221 Extra"]
[Source "ChessBase"]
[SourceDate "2024.09.30"]
[SourceVersion "1"]
[SourceVersionDate "2024.09.30"]
[SourceQuality "1"]

1. e4 d6 2. d4 Nf6 3. Nc3 g6 4. Be3 c6 5. f3 b5 6. Qd2 b4 7. Nce2 a5 8. Ng3 Nbd7 9. Bd3 e5 10. N1e2 h5 11. Nc1 h4 12. Nge2 h3 13. g4 Bb7 14. Bc4 Be7 15. Ng3 d5 16. exd5 cxd5 17. Bb5 Kf8 18. Bh6+ Kg8 19. Bg5 exd4 20. 0-0 Qc7 21. Nd3 Bd6 22. Bf4 Kg7 23. g5 Nh5 24. Nxh5+ Rxh5 25. Bxd6 Qxd6 26. Kh1 Nf8 27. Nf4 Rxg5 28. Qxd4+ Kg8 29. Nxh3 Ne6 30. Qf2 Rh5 31. Qg2 d4 32. Rad1 Rxb5 33. Qg4 Kg7 34. Nf2 Rh8 35. h3 Rbh5 36. Kg2 Rg5 0-1